[Event "Challenge"]
[Site "http://www.queenalice.com/game.php?id=73541"]
[Date "2006.6.1"]
[Round "-"]
[White "davividal"]
[Black "prashantv"]
[Result "0-1"]
[WhiteElo "1678"]
[BlackElo "1362"]

1. e4 e5 2. Qh5 Nc6 3. Bc4 g6 4. Qf3 Nf6 5. c3 d6 6. h3 b6 7. d3 Bb7 8. Be3 Na5
9. Nd2 Nxc4 10. Nxc4 d5 11. Nxe5 dxe4 12. Qe2 exd3 13. Nxd3 Qe7 14. Nf3 O-O-O
15. O-O-O Bh6 16. Rhe1 Bg7 17. g3 Rhe8 18. Nd4 c5 19. Nc2 Ba6 20. Na3 Qe4 21.
Nxc5 Bxe2 22. Rxd8+ Rxd8 23. Nxe4 Nxe4 24. Rxe2 f5 25. Nc4 Bf6 26. Nd2 Nd6 27.
Nb3 Nc4 28. Bd4 Bg5+ 29. Kc2 Kb7 30. f4 Bh6 31. Re7+ Kc6 32. Rxh7 Bf8 33. Rxa7
Rc8 34. Bg7 Bxg7 35. Rxg7 Ne3+ 36. Kd3 Nd5 37. Rxg6+ Kb7 38. h4 Re8 39. Kc2 Re2+
40. Nd2 Ne3+ 41. Kd3 Re1 42. h5 Nd5 43. h6 Re3+ 44. Kc2 Ka6 45. Rd6 Ne7 46.
Rxb6+ Kxb6 47. Nc4+ Kc5 48. Nxe3 Kd6 49. h7 Ng6 50. Nxf5+ Ke6 51. g4 Kf6 52. a4
Ke6 53. a5 Kd7 54. b4 Kc6 0-1

[Event "AUTO-OPEN-284"]
[Site "http://www.queenalice.com/game.php?id=73710"]
[Date "2006.6.2"]
[Round "1"]
[White "Dedinho"]
[Black "prashantv"]
[Result "1-0"]
[WhiteElo "1701"]
[BlackElo "1276"]

1. d4 d5 2. Nc3 Nf6 3. Nf3 Nc6 4. Bf4 Bf5 5. a3 e6 6. g3 Bd6 7. Bxd6 Qxd6 8. Bg2
O-O 9. O-O Rae8 10. Nb5 Qe7 11. Ne5 Nxe5 12. dxe5 Ng4 13. Nd4 Bg6 14. Nf3 f6 15.
Bh3 Nh6 16. Qd4 c6 17. exf6 Rxf6 18. Qxa7 Bf5 19. Bxf5 Nxf5 20. a4 e5 21. Qb6
Rg6 22. Kh1 e4 23. Nh4 Nxh4 24. gxh4 Qxh4 25. Qxb7 1-0

[Event "AUTO-OPEN-284"]
[Site "http://www.queenalice.com/game.php?id=73711"]
[Date "2006.6.2"]
[Round "1"]
[White "prashantv"]
[Black "Dedinho"]
[Result "0-1"]
[WhiteElo "1276"]
[BlackElo "1701"]

1. e4 d5 2. Nc3 dxe4 3. Nxe4 Qd5 4. Bd3 g6 5. Nf3 Nc6 6. Nc3 Qd8 7. h3 Bg7 8.
O-O Nf6 9. Re1 O-O 10. Be4 Be6 11. d4 Nd5 12. Be3 Nxc3 13. bxc3 Bd5 14. Bd3 Bxf3
15. Qxf3 e5 16. a3 exd4 17. cxd4 Bxd4 18. Bxd4 Nxd4 19. Qxb7 Qg5 20. Rac1 Rab8
21. Qxa7 Nf3+ 22. Kf1 Nxe1 23. Rxe1 Qd2 0-1

[Event "AUTO-OPEN-284"]
[Site "http://www.queenalice.com/game.php?id=73730"]
[Date "2006.6.2"]
[Round "1"]
[White "prashantv"]
[Black "sandramguziviak"]
[Result "1-0"]
[WhiteElo "1100"]
[BlackElo "1100"]

1. e4 e5 2. Nf3 f6 3. Bc4 Bc5 4. O-O Nh6 5. h3 d6 6. Nc3 Nc6 7. Nd5 Nd4 8. d3 f5
9. Re1 b6 10. Nxd4 O-O 11. Nxc7+ Rf7 12. Bxf7+ Kxf7 13. Qh5+ Kf6 14. Nd5# 1-0

[Event "AUTO-OPEN-284"]
[Site "http://www.queenalice.com/game.php?id=73731"]
[Date "2006.6.2"]
[Round "1"]
[White "sandramguziviak"]
[Black "prashantv"]
[Result "1-0"]
[WhiteElo "900"]
[BlackElo "1317"]

1. c4 e5 2. e4 Nf6 3. f3 Nc6 4. Be2 Nd4 5. Nh3 Bc5 6. O-O Nb3+ 7. Rf2 Nxa1 8. f4
Bxf2+ 9. Kxf2 Nxe4+ 10. Kf1 exf4 11. Nxf4 Qf6 12. g3 g5 13. d3 Nd6 14. Qe1 Nc2
15. Qc3 Qf5 16. Qxc2 gxf4 17. Bxf4 b6 18. Nc3 Nxc4 19. Qa4 Nd6 20. Bf3 Qxd3+ 21.
Kf2 Nb7 22. Qe4+ Qxe4 23. Bxe4 d6 24. Nd5 Rb8 25. Nxc7+ Kd7 26. Na6 Ra8 27. Nb4
Rb8 28. h4 Nc5 29. Kf3 Nxe4 30. Kxe4 Re8+ 31. Kd5 Bb7+ 32. Kc4 1-0

[Event "Challenge"]
[Site "http://www.queenalice.com/game.php?id=73852"]
[Date "2006.6.2"]
[Round "-"]
[White "prashantv"]
[Black "Alsina"]
[Result "0-1"]
[WhiteElo "1362"]
[BlackElo "2273"]

1. e4 e5 2. Nf3 Nc6 3. Bc4 Nf6 4. Nc3 Bc5 5. O-O O-O 6. d3 d6 7. h3 Be6 8. Bb3
h6 9. Be3 Bb6 10. a3 Bxb3 11. cxb3 d5 12. Re1 d4 13. Nd5 Nxd5 14. exd5 dxe3 15.
fxe3 Qxd5 16. Kh1 Rad8 17. e4 Qxd3 18. Qxd3 Rxd3 19. b4 f6 20. Rac1 Rfd8 21. Kh2
Rb3 22. Rb1 Rdd3 23. Rf1 Nd4 24. Nxd4 Bxd4 25. Rbc1 Rxb2 26. Rxc7 Rdd2 27. h4
Rxg2+ 28. Kh3 h5 29. Rh1 Rgd2 30. Rxb7 Rb3# 0-1

[Event "Challenge"]
[Site "http://www.queenalice.com/game.php?id=77655"]
[Date "2006.6.17"]
[Round "-"]
[White "dtrainey"]
[Black "prashantv"]
[Result "0-1"]
[WhiteElo "1209"]
[BlackElo "1300"]

1. d4 d5 2. h3 Bf5 3. Bf4 Nf6 4. e3 a6 5. Bd3 Bg6 6. Bxg6 hxg6 7. Nc3 e6 8. Bg5
Be7 9. Nf3 Nc6 10. a3 Ne4 11. Bxe7 Qxe7 12. Nxe4 dxe4 13. Nd2 f5 14. f3 Qh4+ 15.
Ke2 O-O-O 16. Qe1 Qg5 17. Qf2 Rhf8 18. Rag1 e5 19. Kd1 exd4 20. f4 Qf6 21. Nb3
dxe3+ 22. Qd2 exd2 23. Nxd2 e3 0-1

[Event "AUTO-ADV-190"]
[Site "http://www.queenalice.com/game.php?id=78922"]
[Date "2006.6.21"]
[Round "1"]
[White "toguints"]
[Black "prashantv"]
[Result "1-0"]
[WhiteElo "1527"]
[BlackElo "1381"]

1. f4 d5 2. e3 Nc6 3. Bb5 a6 4. Bxc6+ bxc6 5. h3 Nf6 6. d4 h6 7. Nc3 Bf5 8. Nf3
e6 9. Bd2 c5 10. Qe2 Bxc2 11. Ne5 Bd6 12. Bc1 Bf5 13. dxc5 Nd7 14. cxd6 cxd6 15.
Nc6 Qb6 16. Nd4 Bg6 17. f5 1-0

[Event "AUTO-ADV-190"]
[Site "http://www.queenalice.com/game.php?id=78923"]
[Date "2006.6.21"]
[Round "1"]
[White "prashantv"]
[Black "toguints"]
[Result "0-1"]
[WhiteElo "1415"]
[BlackElo "1515"]

1. e4 c5 2. Nf3 d6 3. Nc3 e5 4. Bc4 Nf6 5. d3 Nc6 6. Bg5 Be7 7. O-O O-O 8. h3 h6
9. Bxf6 Bxf6 10. Nd5 Na5 11. Bb3 Nxb3 12. axb3 b6 13. Re1 Bb7 14. c4 Bxd5 15.
cxd5 b5 16. Rc1 b4 0-1

[Event "AUTO-ADV-190"]
[Site "http://www.queenalice.com/game.php?id=78938"]
[Date "2006.6.21"]
[Round "1"]
[White "aarongale"]
[Black "prashantv"]
[Result "1-0"]
[WhiteElo "1709"]
[BlackElo "1317"]

1. e4 e5 2. Nf3 Nc6 3. Bb5 a6 4. Bxc6 bxc6 5. Nc3 Nf6 6. Nxe5 Bb4 7. d4 Nxe4 8.
Qf3 Nf6 9. g4 d6 10. Nxc6 Bxc3+ 11. bxc3 Qd7 12. d5 Bb7 13. O-O Nxd5 14. Re1+
1-0

[Event "AUTO-ADV-190"]
[Site "http://www.queenalice.com/game.php?id=78939"]
[Date "2006.6.21"]
[Round "1"]
[White "prashantv"]
[Black "aarongale"]
[Result "0-1"]
[WhiteElo "1317"]
[BlackElo "1711"]

1. e4 g6 2. d4 Bg7 3. Nf3 c5 4. Nc3 cxd4 5. Nxd4 Nc6 6. Nf3 e5 7. Bc4 Qf6 8. Nd5
Qd8 9. O-O Nf6 10. Bg5 h6 11. Be3 Nxe4 12. Re1 d6 13. h3 g5 14. Bd2 f5 0-1

[Event "AUTO-ADV-190"]
[Site "http://www.queenalice.com/game.php?id=78950"]
[Date "2006.6.21"]
[Round "1"]
[White "prashantv"]
[Black "dgrecu"]
[Result "0-1"]
[WhiteElo "1356"]
[BlackElo "1519"]

1. e4 e5 2. Nf3 Nc6 3. Bc4 h6 4. Nc3 Nf6 5. d3 Bb4 6. O-O Bxc3 7. bxc3 d5 8. Bb5
dxe4 9. Bxc6+ bxc6 10. Nxe5 Qd6 11. Nc4 Qc5 12. Re1 O-O 13. Be3 Qf5 0-1

[Event "AUTO-ADV-190"]
[Site "http://www.queenalice.com/game.php?id=78951"]
[Date "2006.6.21"]
[Round "1"]
[White "dgrecu"]
[Black "prashantv"]
[Result "1-0"]
[WhiteElo "1528"]
[BlackElo "1334"]

1. e4 e5 2. Nf3 Nc6 3. Nc3 Nf6 4. Bb5 a6 5. Bxc6 bxc6 6. O-O Bd6 7. d4 exd4 8.
Nxd4 Bb4 9. Nf5 O-O 10. Bg5 Bxc3 11. bxc3 d6 12. Qf3 Bb7 13. Qg3 Kh8 14. Rad1
1-0